| 000 | 00396nam a2200169Ia 4500 | ||
|---|---|---|---|
| 008 | 210210b1904 xxu||||| |||| 00| 0 eng d | ||
| 041 | _aeng | ||
| 082 | _a829/966 | ||
| 100 | _aSCOTT (Sir W) | ||
| 245 | _aHeart of Midlothian | ||
| 260 |
_aLondon _bBlackie and Son Limited _c1904 |
||
| 650 | _aof | ||
| 650 | _aMidlothian | ||
| 650 | _aHeart | ||
| 690 | _aEnglish Fiction | ||
| 906 | _a017581 | ||
| 999 |
_c137565 _d137565 |
||